[Event "Nussloch"]
[Site "Nussloch"]
[Date "1996.??.??"]
[Round "2"]
[White "Dautov, Rustem"]
[Black "Hracek, Zbynek"]
[Result "1-0"]
[WhiteElo "2615"]
[BlackElo "2650"]
[Annotator "Dautov,R"]
[PlyCount "222"]
[EventDate "1996.??.??"]
[EventType "tourn"]
[EventRounds "11"]
[EventCountry "GER"]
[EventCategory "15"]
[SourceTitle "CBM 053"]
[Source "ChessBase"]
[SourceDate "1996.08.01"]
[SourceVersion "1"]
[SourceVersionDate "1996.08.01"]
[SourceQuality "1"]

1. d4 Nf6 2. c4 e6 3. g3 Bb4+ 4. Bd2 Qe7 5. Nf3 Nc6 6. Nc3 O-O 7. Bg2 Bxc3 8.
Bxc3 Ne4 9. Rc1 d6 10. d5 Nd8 11. Bb4 a5 $1 {Eine Neuerung, die zum Ausgleich
führen sollte.} (11... e5 12. Nd2 Nxd2 (12... a5 $6 13. Nxe4 axb4 14. c5 f5 15.
cxd6 cxd6 16. Nd2 Nf7 17. Qb3 b5 18. Qxb4 Rxa2 19. O-O Qa7 20. Nb1 $1 $14 {
Ehlvest,J-Wahls,M/Tilburg 1994}) 13. Bxd2 $1 (13. Qxd2 b6 14. Bc3 a5 15. O-O
Nb7 16. f4 f6 17. f5 Nc5 18. b3 Bd7 $10 {Marin,M-Hracek,Z/Odorheiu zt 1995})
13... a5 (13... b6 14. b4 $16) 14. c5 $1 dxc5 15. Qc2 $16 b6 $4 16. d6 $18 {
Marin}) 12. Ba3 e5 13. Qc2 (13. Nd2 Nxd2 14. Qxd2 b6 $10) 13... Nc5 $1 (13...
f5 14. c5 b6 $1 15. cxb6 cxb6 16. Nd2 Nc5 17. Nc4 $14) 14. Bxc5 dxc5 15. O-O f6
$6 {Zu passiv. Die kritische Stellung entschteht nach} (15... e4 16. Nd2 e3 (
16... f5 $6 17. f3 e3 18. Nb1 $14 {mit dem Plan f4, Qd3, Rc3, Rf3.}) 17. fxe3
Qxe3+ 18. Kh1 Bg4 {, und Schwarz ist OK.}) 16. e4 Nf7 17. Ne1 $1 b6 18. Nd3 Bd7
19. f4 Rae8 20. Rce1 $14 {Nun ist Schwarz gezwungen, sich passiv zu
verteidigen. Die Frage ist nur, ob Weiß diese Festung auf den schwarzen
Feldern einnehmen kann.} g6 21. Qc3 Qd6 22. Rf2 Kg7 23. Ref1 Re7 24. h3 h5 $1 {
Es ist besser, g3-g4 zu verhindern. Wie gefährlich sonst der weiße Angriff
werden kann, zeigt die folgende Variante:} (24... Rfe8 25. g4 exf4 $2 26. Rxf4
Ne5 27. g5 $1 f5 (27... fxg5 28. Nxe5 Rxe5 29. Rf7+ Kg8 30. R1f6 $18) 28. exf5
Bxf5 29. Rxf5 $1 gxf5 30. Rxf5 Kg8 31. Rf6 Qd7 32. Nf4) 25. b3 Kg8 (25... c6 $5
{Hracek} 26. a3 cxd5 27. cxd5 Bb5 28. f5 g5 29. Rc1 Bxd3 30. Qxd3 $14) 26. Qd2
Kg7 27. Qb2 Ree8 28. Qc3 {Beide Gegner hatten nicht viel Zeit übrig, womit man
die nicht viel sagenden Züge der weißen Dame erklären kann.Die beste Chance
für Weiß besteht im Durchbruch f4-f5, dafür muß die weiße Dame den Bauern h5
unter Beschuß nehmen. Der andere Plan-a3,b4 -bringt nicht viel, weil Schwarz
nach dem Abtausch auf b4 f6-f5 durchsetzten kann.} Qe7 29. Qa1 Qd6 30. Qd1 Re7
(30... f5 $2 31. Qa1 Kg8 32. exf5 Bxf5 33. fxe5 Nxe5 34. Nxe5 Rxe5 35. g4 $18)
(30... Rh8 31. fxe5 Nxe5 32. Rxf6 Qxf6 33. Rxf6 Kxf6 34. Qf1+ Kg7 35. Qa1 Kf6
36. h4 Re7 37. Nf4 $16 {/\Bh3}) 31. Qa1 Ree8 32. Qd1 Re7 33. f5 $1 {Einen
günstigeren Moment für f5 wird es nicht geben.} Nh6 $2 {Nun wird Schwarz ohne
Chancen leiden. Prinzipiell war} (33... gxf5 34. Qxh5 Rh8 35. Qd1 $1 fxe4 (
35... Ng5 36. h4 Nxe4 37. Bxe4 fxe4 38. Rxf6 Qxf6 39. Rxf6 Kxf6 40. Nf2 Bf5 41.
Qe2 $16) 36. Rxf6 Qxf6 37. Rxf6 Kxf6 38. Nf2 {, Weiß gewinnt den Bauern e4 und
sollte mit seinen Freibauern g un h besser stehen.}) 34. fxg6 Kxg6 35. Kh2 (35.
Ne1 $1 {/\Nf3-h4}) 35... h4 36. g4 Nf7 37. Ne1 Ng5 38. Nf3 Nxf3+ 39. Bxf3 Kg7
40. Be2 {Die Stellung ist nun für Weiß strategisch gewonnen, es wird gleich
g4-g5 duchgesetzt.} Ree8 41. Qe1 Qe7 42. Rg2 Rh8 43. g5 $18 fxg5 44. Qd2 Rh6 (
44... Kh6 $2 45. Rxg5 Qxg5 46. Rf6+) 45. Rxg5+ Kh7 46. Bg4 Bxg4 47. Rxg4 Rh5
48. Qf2 $2 (48. Qg2 $1 Rf8 49. Rg1 $18 {Hracek}) 48... Kh8 49. Rg6 Rg8 50.
Rxg8+ Kxg8 51. Rg1+ Kh7 52. Rg4 Kh6 53. Qe3+ Kh7 54. Qf3 Kh6 55. Rg8 Kh7 56.
Rg4 Kh6 57. Rg8 Kh7 58. Qf8 Qxf8 59. Rxf8 Rg5 60. Rf7+ Rg7 61. Rf5 Re7 62. Rh5+
Kg6 63. Rxh4 Re8 64. Rg4+ Kf6 65. a4 c6 66. dxc6 Rc8 67. h4 Rxc6 68. h5 Kf7 69.
Kg3 Rd6 70. Kh4 Rd1 {Anstatt nun mit 71.Kg5 Rb1 72.Kf5 das Spiel sofort zu
beenden, zog ich} 71. Rg6 $2 Re1 72. Rxb6 Rxe4+ 73. Kg5 {, und mußte nach} Re1
74. Kf5 e4 75. Rb7+ Kf8 76. Rb5 e3 77. Ke4 Rh1 78. Kxe3 Rxh5 {meinen Gegner
und mich selbst noch bis zum Zug 111 quälen.} 79. Ke4 Rh1 80. Ke3 Rh5 81. Ke4
Ke7 82. Rxa5 Kd6 83. Rb5 Rh2 84. a5 Kc6 85. Rb6+ Kc7 86. Rf6 Rh3 87. Rf3 Rh2
88. Rf7+ Kc6 89. a6 Kb6 90. a7 Ra2 91. Kd5 Rd2+ 92. Ke6 Rd8 93. Rd7 Rh8 94. Re7
Rd8 95. Rd7 Rh8 96. Rh7 Rd8 97. Ke7 Ra8 98. Kd6 Rd8+ 99. Ke5 Re8+ 100. Kd6 Rd8+
101. Rd7 Rh8 102. Kd5 Rh5+ 103. Ke4 Rh8 104. Kd3 Rg8 105. Kc3 Ra8 106. b4 cxb4+
107. Kxb4 Rh8 108. Rg7 Rf8 109. c5+ Kc6 110. Ka5 Rh8 111. Ka6 Rf8 1-0

[Event "Nussloch"]
[Site "Nussloch"]
[Date "1996.??.??"]
[Round "11"]
[White "Dautov, Rustem"]
[Black "Huebner, Robert"]
[Result "1-0"]
[WhiteElo "2615"]
[BlackElo "2635"]
[Annotator "Dautov,R"]
[PlyCount "59"]
[EventDate "1996.??.??"]
[EventType "tourn"]
[EventRounds "11"]
[EventCountry "GER"]
[EventCategory "15"]
[SourceTitle "CBM 053"]
[Source "ChessBase"]
[SourceDate "1996.08.01"]
[SourceVersion "1"]
[SourceVersionDate "1996.08.01"]
[SourceQuality "1"]

1. d4 Nf6 2. c4 e6 3. Nf3 b6 4. a3 Bb7 5. Nc3 d5 6. cxd5 exd5 7. g3 Bd6 8. Bg2
(8. Qa4+ c6 9. Bg2 O-O 10. O-O Re8 11. Bf4 Bxf4 12. gxf4 Nbd7 13. e3 c5 14. Ne5
cxd4 15. Qxd4 Qe7 16. Nxd7 Qxd7 17. a4 Rac8 18. a5 Rc4 19. Qd3 Qe6 20. Rfd1 Rb4
$10 {Khalifman-Huebner/ BL 1991}) 8... O-O 9. Ne5 $1 (9. O-O Nbd7 10. Nb5 Be7
11. Bf4 c6 12. Nd6 Bxd6 13. Bxd6 Re8 14. Rc1 Ne4 15. Bf4 Qe7 $1 16. Re1 c5 17.
Nd2 Nxd2 18. Qxd2 Rad8 19. dxc5 Nxc5 20. Qb4 Ba6 21. Rcd1 Bc4 22. Be3 Nb3 $10 {
Anastasian-Rozentalis/ Tbilisi/ 1989}) 9... Re8 $146 (9... Nbd7 10. Nc4 Be7 11.
Ne3 c6 12. Nf5 (12. g4 Ne8 13. Qd3 Nd6 14. h4 Nf6 15. g5 {1/2-1/2 Petrosian,
A-Gligoric,S/Sarajevo (04) ;EXT 86 1986}) 12... Re8 13. Nxe7+ Qxe7 14. O-O $14)
(9... Ne4 10. Nxe4 dxe4 11. Nc4 (11. O-O $5 $14) 11... Be7 12. O-O Bf6 13. e3
Qe7 14. Bd2 a5 15. Rc1 Bd5 $10 {Petrosian,A-Rozentalis/ Daugavpils/ 1989}) 10.
Nc4 Bf8 11. Bg5 c6 12. Ne5 h6 13. Bxf6 Qxf6 14. O-O Bd6 $2 (14... Na6 15. Nd7
Qe6 16. Nxf8 Rxf8 17. b4 $14) (14... Qd6 15. e4 Na6 16. exd5 cxd5 17. Nb5 Qe6
18. Rc1 $16) (14... Qd8 15. e4 dxe4 16. Bxe4 $1 $14) (14... Qe6 $1 15. e4 (15.
b4 $5 Nd7 16. Nd3 (16. Nxd7 Qxd7 17. Qb3 b5) 16... Nf6 17. Qb3 (17. b5 $2 cxb5
18. Nxb5 Rec8 $1 19. Nf4 Qc6 20. a4 a6 21. Na3 Qc3 $17) 17... Bd6 18. e3 h5
$132) 15... dxe4 16. Nxe4 Nd7 17. f4 Nxe5 $1 (17... Rad8 18. f5 Qe7 19. Ng4 $1
$36 {/\f6}) 18. dxe5 Rad8 19. Qa4 a6 20. Rad1 c5 $10) 15. f4 $16 Qd8 (15... Na6
16. e4 dxe4 (16... Nc7 $2 17. Ng4 Qd8 18. e5 $16) 17. Nxe4 Qe7 18. Rc1 (18. Qb3
Rad8 19. Rac1 Bb8 $13) 18... Rac8 (18... c5 $2 19. Nxd6 Bxg2 20. Nxe8 Bxf1 21.
Qxf1 $18) 19. Qa4 $1 b5 20. Qb3 Bb8 21. Rfe1 $16 c5 $2 22. Bh3 Rc7 23. d5 $18)
(15... Qe7 16. e4 dxe4 17. Nxe4 (17. Bxe4 $5 c5 $2 18. Nd5 $16) 17... Nd7 18.
Rc1 Nxe5 (18... Rac8 19. Bh3 Bxe5 20. fxe5 $16) 19. fxe5 $1 (19. dxe5 Bc7 20.
Nd6 Bxd6 21. exd6 $14) 19... Bc7 20. Nf6+ $1 gxf6 21. Qg4+ Kf8 22. Rxf6 Bxe5 (
22... Rad8 23. Rcf1) 23. dxe5 Qxe5 24. Rcf1 Re7 25. Qg6 $18) 16. e4 c5 $2 (
16... dxe4 17. Nxe4 (17. Bxe4 $5 Bxe5 18. dxe5 Nd7 19. Qf3 $16) 17... Na6 18.
Rc1 Rc8 19. Qa4 $1 b5 20. Qb3 Re7 21. Rfd1 $16) 17. Qh5 $1 (17. exd5 cxd4 18.
Nb5 Bxe5 19. fxe5 Rxe5 20. Qxd4 Re2 $1 (20... Re8 21. Qf4 $18) (20... Re7 21.
d6 $18) (20... f6 21. Qc4 $1 $18)) 17... Rf8 (17... Re7 18. Nxd5 Bxd5 19. exd5
cxd4 20. Rac1 $16) 18. exd5 cxd4 19. Nb5 Ba6 (19... a6 20. Nc6 Bxc6 21. dxc6
axb5 22. c7 Qxc7 23. Bxa8 b4 24. Rfc1 $18) (19... Na6 20. Nc4 Bb8 21. Nxd4 $16)
20. Nxd6 Qxd6 21. Rfd1 f6 $2 (21... Nd7 22. Rxd4 Rae8 (22... Nf6 23. Qf5 $18)
23. Nxd7 Qxd7 24. d6 $18) 22. Rac1 $5 (22. Qg6 $1 Nd7 (22... Rd8 23. Nf7) 23.
Ng4 $1 Kh8 24. Be4 $18) 22... fxe5 (22... Nd7 23. Rc6 Qe7 24. Re6 Qd8 25. Nc6
$18) 23. fxe5 $18 Qd8 (23... g6 24. Qxh6 Qxe5 25. Qxg6+ Qg7 26. Qxg7+ Kxg7 27.
Rc7+ Kh6 28. d6 $18) 24. d6 Nd7 25. e6 $1 Qf6 (25... Nf6 26. Qe5 Qb8 27. e7 $18
) 26. Bxa8 Qf2+ 27. Kh1 Be2 (27... Rxa8 28. Qd5 $18) 28. Rd2 d3 29. exd7 Rxa8
30. Qe8+ (30. Rc8+ $4 Kh7 $19) (30. Qe8+ Kh7 31. Qe4+ g6 32. Qe7+) 1-0

[Event "Bundesliga 9697"]
[Site "Germany"]
[Date "1996.??.??"]
[Round "?.1"]
[White "Dautov, Rustem"]
[Black "Glek, Igor Vladimirovich"]
[Result "1-0"]
[WhiteElo "2615"]
[BlackElo "2670"]
[Annotator "Dautov,R"]
[PlyCount "103"]
[EventDate "1996.10.12"]
[EventType "team-tourn"]
[EventRounds "15"]
[EventCountry "GER"]
[SourceTitle "GER-chT"]
[Source "ChessBase"]
[SourceDate "1999.07.01"]
[SourceVersion "1"]
[SourceVersionDate "1999.07.01"]
[SourceQuality "1"]
[WhiteTeam "St Ingbert"]
[BlackTeam "Bochum"]
[WhiteTeamCountry "GER"]
[BlackTeamCountry "GER"]

1. d4 Nf6 2. c4 g6 3. Nf3 Bg7 4. Nc3 O-O 5. e4 d6 6. Be2 e5 7. O-O exd4 8. Nxd4
Re8 9. f3 Nc6 10. Be3 Nh5 11. Nxc6 bxc6 12. Qd2 f5 13. exf5 Bxf5 14. Bd4 (14.
g4 Bxc3 $1 $10) 14... Nf6 (14... Bxd4+ 15. Qxd4 Qf6 16. Qxf6 Nxf6 17. g4 $14 {
Akesson,R-Golubev,M/Leuven 1994}) 15. Rfe1 c5 16. Bf2 Qd7 (16... Qb8 17. Rad1
Qb4 18. g4 Be6 19. Nb5 $1 Qxd2 20. Rxd2 Rec8 21. Bd3 Bf7 22. Re7 Ne8 23. Be4
$16 {Huzman,A-Svidler,P/Haifa (04) ;CBM 54 1996}) 17. Rad1 Qf7 18. b3 a6 19.
Bd3 {N} (19. Bf1 Bd7 20. Rxe8+ Bxe8 21. a3 Rb8 22. Rb1 Bc6 23. b4 Nd7 24. bxc5
Rxb1 25. Nxb1 Nxc5 26. Nc3 h6 27. Nd5 g5 28. Qb4 $14 {Kramnik,V-Glek,I/EUCup
Berlin 1996}) 19... Bxd3 (19... Bd7 20. h3 $5 (20. Ne4 Bc6 $10 21. Ng5 $6 Qd7)
20... Bc6 21. f4 Nh5 22. g3 Bf3 23. Rxe8+ Rxe8 24. Re1 Rxe1+ 25. Qxe1 $14) 20.
Qxd3 Rxe1+ 21. Rxe1 Re8 22. Re3 (22. Rxe8+ Qxe8 23. Be3 Qe5 24. f4 Qf5 25. Qxf5
gxf5 $10) 22... Kf8 (22... Rxe3 23. Bxe3 (23. Qxe3 Qe8 24. Qxe8+ Nxe8 $10)
23... Nd7 24. Ne4) (22... Bh6 $5) 23. g3 Rxe3 24. Qxe3 (24. Bxe3 Nd7 25. f4 Qf6
$132 (25... g5 $5)) 24... Nd7 (24... Qe8 25. Qf4) 25. Kg2 Ne5 (25... Bd4 26.
Qd2 Ne5 27. f4 Nc6 28. Nd5 $14) 26. Ne4 {/\Ng5} (26. f4 Ng4 27. Qf3 Qf5 $132)
26... h6 27. f4 Nc6 $2 (27... Ng4 {>=} 28. Qf3 Qf5 29. Bg1 (29. h3 Nxf2 30.
Nxf2 Qc2 $132) 29... Kf7 (29... Bd4 $2 30. h3 Nf6 31. Bxd4 cxd4 32. Nxf6 Qxf6
33. Qa8+ $16) 30. h3 Nf6 31. Nxf6 Bxf6 $10) 28. Qf3 $14 Nd4 (28... Nb4 $4 29.
Nxc5 $18) 29. Bxd4 Bxd4 (29... cxd4 30. Nf2 $16 {ץg7}) 30. g4 Ke7 31. Ng3 Kd7
32. f5 $2 $138 (32. h4 c6 33. h5 gxh5 34. Nxh5 d5 35. cxd5 (35. Qd3 $14) 35...
cxd5 36. f5 Kc6 (36... Be5 $2 37. Qe2 $16) 37. Nf4 $14) 32... c6 $2 (32... Be5
$1 33. fxg6 Qxg6 34. Qf5+ Qxf5 (34... Qe6 $2 35. Qh7+ Kc6 36. Qe4+ Kd7 37. Nf5
$14) 35. Nxf5 Bf4 36. h4 Ke6 37. Kf3 Bc1 38. Ke4 c6 39. Ng7+ Kf7 40. Nh5 Ke6
$10) 33. h4 gxf5 34. Nxf5 (34. Qxf5+ Qe6 (34... Qxf5 $2 35. Nxf5 Bf6 (35... h5
36. Nxd4 cxd4 37. gxh5 Ke6 38. b4 $18) 36. Kh3 h5 37. gxh5 $16) 35. Kf3 d5 36.
Qxe6+ Kxe6 37. Nf5 Bf6 $10) 34... Qe6 35. Kh3 (35. g5 $1 hxg5 36. hxg5 Qg6 (
36... Be5 37. Qg4 $14) 37. Qg4 (37. Qxc6+ $2 Kxc6 38. Ne7+ Kb6 39. Nxg6 Be3 $10
) 37... Kc7 $14) 35... Be5 (35... d5 $1 36. Qf4 (36. cxd5 cxd5 37. Qf4 Qe4 38.
Qd6+ (38. Qxe4 dxe4 39. Kg2 Bf6 $10) 38... Ke8 $10) 36... dxc4 37. bxc4 Qxc4
38. Qd6+ Kc8 39. Qxc6+ Kb8 40. Nxd4 Qxd4 41. Qb6+ Kc8 42. Qxa6+ Kc7 $10) 36. g5
h5 (36... hxg5 37. hxg5 d5 38. Qd3 $1 $14 (38. Qg4 Qg6) 38... Ke8 39. Kh4 {
/\Kh5,g6} Kf7 40. Qf3) 37. Kg2 d5 38. cxd5 (38. Qd3 $5) 38... cxd5 39. Ne3 d4
$2 (39... Kd6 $2 40. Qf8+ Kd7 (40... Kc6 41. Qa8+ $18) 41. Qxc5 d4 42. Qd5+ $16
) (39... Kc6 $1 40. Qf1 Kd7 (40... Kb7 $2 41. Qf5 Qxf5 42. Nxf5 c4 43. bxc4
dxc4 44. Kf3 $18 {/\g6}) 41. Qd3 Bd4 42. Nf5 Be5 $14) 40. Nc4 $16 Bc7 41. Qxh5
Qe4+ 42. Qf3 Qxh4 43. Qf5+ Kc6 44. Qf3+ Kd7 45. Qf5+ Kc6 46. g6 Qh2+ 47. Kf1
Qh1+ 48. Ke2 Qh2+ 49. Kd1 Bf4 (49... Qxa2 50. Qf3+ Kd7 51. g7 Qb1+ 52. Ke2 Qc2+
53. Nd2 $18) (49... Qg1+ 50. Kc2 Qg2+ 51. Nd2 (51. Kb1 Qe2 {/\d3,/\Qe1}) 51...
Bd6 52. Qf3+ Qxf3 53. Nxf3 Bf8 54. Nh4 Kd5 55. Nf5 $18) (49... Qg3 50. Nd2 $1 {
/\Qf3} Bf4 (50... Be5 51. Qc8+ Kd5 (51... Kb6 52. Nc4+ $18) 52. Qb7+ $18) 51.
g7 $18) 50. Qc8+ Kd5 $2 (50... Bc7 51. Qxa6+ Kd7) 51. Qb7+ Ke6 52. Qf7# 1-0

[Event "Bad Homburg"]
[Site "Bad Homburg"]
[Date "1997.??.??"]
[Round "3"]
[White "Hracek, Zbynek"]
[Black "Dautov, Rustem"]
[Result "0-1"]
[WhiteElo "2605"]
[BlackElo "2595"]
[Annotator "Dautov,R"]
[PlyCount "78"]
[EventDate "1997.07.26"]
[EventType "tourn"]
[EventRounds "9"]
[EventCountry "GER"]
[EventCategory "14"]
[SourceTitle "CBM 060"]
[Source "ChessBase"]
[SourceDate "1997.09.29"]
[SourceVersion "1"]
[SourceVersionDate "1997.09.29"]
[SourceQuality "1"]

1. Nf3 {Petursson Ribli} Nf6 2. c4 e6 3. Nc3 Bb4 4. Qc2 O-O 5. a3 Bxc3 6. Qxc3
b6 7. g3 Bb7 8. Bg2 d5 $1 (8... c5 9. b4 d6 10. O-O Nbd7 11. Bb2 Qc7 12. d3
Rfc8 13. Rac1 a6 14. Qd2 Bc6 15. Rfe1 Qb7 16. d4 $1 $14 {Bareev,E-Karpov,An/
Dortmund 1995}) 9. d4 {Andere Züge bereiten Schwarz jedenfalls keine
Schwierigkeiten: Ribli: Dieser Zug ist noch Theorie, aber nach meiner Meinung
hat Weiß nicht viele Chancen auf Eröffnungsvorteil.} (9. b4 d4 $1 10. Qb2 e5
11. O-O Nbd7 12. d3 Re8 13. e4 dxe3 14. Bxe3 Qc8 15. Bg5 e4 16. dxe4 Bxe4 17.
Rfe1 (17. Bxf6 Nxf6 18. Nh4 Bxg2 19. Kxg2 Re4 20. Qc3 Qe6 {1/2-1/2 Schmidt,
W-Nikolenko,O/POL-chT Lubniewice 1994 (30)}) 17... Qb7 18. Qc3 h6 19. Bxf6 Nxf6
$11 {Gabriel,C-Dautov,R/Bad Wörishofen op 1997}) (9. cxd5 exd5 (9... Nxd5 10.
Qc2 c5 $11 (10... c5 {Ribli} 11. O-O Nc6 12. e3 (12. d3 Qd7 13. e3 e5 14. b3
Rfe8 15. Bb2 {1/2-1/2 Hansen,C-Danielsen,H/DEN-chT 1991 (35)}) 12... Rc8 13. b3
Qe7 14. Bb2 Rfd8 15. Rfd1 h6 16. Rac1 Nf6 17. Qb1 {1/2-1/2 Rubinetti,
J-Polugaevsky,L/Toluca izt 1982 (40)})) 10. O-O (10. d3 d4 $1 11. Qc2 a5) 10...
Re8 11. Re1 c5 12. d4 Ne4 13. Qc2 Nc6 (13... Nd7 14. dxc5 bxc5 15. Nd2 Nef6 16.
Nc4 Re6 17. Bf4 Bc6 18. Ne3 Qb6 {1/2-1/2 Pushkov,N-Psakhis,L/Rostov 1993 (30)})
14. dxc5 (14. Be3 c4 $15) 14... bxc5 15. b3 Qb6 16. e3 Rab8 17. Rb1 $6 Ba8 18.
Bd2 a5 19. Red1 d4 $13 {Speelman,J-Seirawan,Y/Saint John cm6 1988 (39)}) (9.
O-O $2 dxc4 10. Qxc4 (10. a4 {Ribli} c5 11. Ne5 (11. Qxc4 Ba6 12. Qa2 Bxe2 13.
Re1 Bxf3 14. Bxf3 Nd5 {0-1 Hass,R-Krzywicki,D/POL-ch Bielsko-Biala 1991 (35)})
11... Bxg2 12. Kxg2 Qd5+ 13. f3 Nc6 14. Nxc4 Rfd8 15. b3 Nd4 {1/2-1/2 Nesterov,
J-Krzywicki,D/Miedzybrodzie 1991 (48)}) (10. Ne5 Bxg2 11. Kxg2 b5 12. d3 cxd3
13. Nxd3 Na6 14. b4 Rc8 15. f3 c5 {0-1 Djuric,S-Plaskett,J/Hastings 1984 (41)})
10... Ba6 $17 (10... Ba6 11. Qh4 Bxe2 12. Re1 Bxf3 13. Bxf3 Nd5 {0-1 Agdestein,
S-Timman,J/Brussels SWIFT blitz 1992 (23)})) (9. d3 {Ribli} c5 10. O-O d4 11.
Qc2 Nbd7 12. b4 Re8 13. Re1 e5 14. e4 dxe3 15. Bxe3 Qc7 {1/2-1/2 Savon,
V-Kiselev,S/Moscow Tal 1992 (47)}) 9... dxc4 10. Qxc4 Bd5 $1 {Ribli: Schwarz
kontrolliert die weissen Feldern, und hat gleiche Chancen. Das weiße
Läuferpaar hat keine Bedeutung.} (10... Be4 {Ribli} 11. O-O Nc6 12. b4 a5 13.
b5 Bd5 14. Qd3 Be4 15. Qc4 Bd5 16. Qc3 Na7 17. a4 c6 18. Ba3 Re8 19. bxc6 Nxc6
20. Rfd1 Qc8 21. Qb2 Qa6 22. e3 {1-0 Vaganian,R-Kortschnoj,V/Moscow 1975 (39)})
11. Qd3 {N} (11. Qc3 Nbd7 12. b4 a5 13. b5 c6 14. bxc6 Rc8 15. O-O Rxc6 16. Qe3
$6 (16. Qd3 $142) 16... Qa8 17. Bd2 b5 18. Rfb1 Rb8 19. Ne1 Bxg2 20. Nxg2 Ne4
$1 $17 {Langeweg,K-Kortschnoj,V/Amsterdam 1976}) 11... Be4 12. Qc3 Nbd7 13. b4
$6 {Dieser unbegründete (obgleich sehr natürlich aussehende) Versuch, um
Vorteil zu kämpfen, führt nur dazu, daß Schwarz die Initiative übernimmt. Weiß
sollte sich mit Ausgleich zufriedengeben: Ribli: Weiß möchte den Ausgleichzug
c7-c5 verhindern, aber es wäre besser, die Entwicklung zu beenden.} (13. Bg5
Rc8 14. b4 (14. O-O c5 15. dxc5 Rxc5 $11) 14... c5 15. dxc5 bxc5 16. O-O h6 17.
Bxf6 Qxf6 18. Qxf6 Nxf6 $11) (13. O-O c5 14. dxc5 Nxc5 $11) 13... a5 14. b5 (
14. O-O axb4 15. Qxb4 (15. axb4 $2 Nd5 $17) 15... Ra5 $15 {/\Qa8}) (14. bxa5
Rxa5 15. O-O Nd5 $15) 14... c6 15. bxc6 Rc8 $15 16. O-O Rxc6 {Ribli: Schwarz
hat nun ein klares Übergewicht auf den weißen Feldern, und das weiße
Läuferpaar hat keine gute Perspektive.} 17. Qb3 Qa8 $1 {Nach Kortschnojs
Muster. Schwarz nimmt die Linie "c" und die lange weiße Diagonale unter
Kontrolle.} 18. Bg5 {Ribli:Dieser Zug gefällt mir nicht. Der Läufer leistet
praktisch nichts auf g5.} (18. a4 {[%cal Gc1a3,Ga3f8] Ribli} Rfc8 $15 {[%cal
Gc8c2]}) 18... Bd5 $2 (18... Rc2 $1 19. Rfe1 (19. Qe3 Qa6 20. Rfe1 Rfc8 $17) (
19. Nd2 $4 Rxd2 $19) 19... Rfc8 $1 20. Bxf6 $2 (20. Rac1 Qd5 21. Qxd5 Nxd5 $15)
20... Nxf6 21. Qxb6 (21. Nh4 Qa6 22. e3 R8c3 23. Qb1 Bxg2 24. Nxg2 Ne4 $17) (
21. Ra2 $2 a4 22. Qb1 Rxe2 $19) 21... Nd5 22. Qd6 Nc3 23. Kf1 Rxe2 $1 24. Rxe2
Bxf3 25. Bxf3 Qxf3 $19) 19. Qd3 Rfc8 20. Rfc1 {Ribli: Der schwarze Druck ist
so unangenehm auf der c-Linie, daß Weiss die Türme tauschen muß.} Ne4 21. Bf4 (
21. Rxc6 {Ribli} Rxc6 22. Rc1 $2 Nxg5 23. Rxc6 Qxc6 24. Nxg5 Bxg2 25. Qxh7+ Kf8
$19) 21... Rxc1+ (21... Rc3 $5) 22. Rxc1 Rxc1+ 23. Bxc1 Qc6 24. Bb2 b5 {
Ribli: Weiss hat eine bewegliche Bauernmehrheit am Damenflügel, denn die
beiden weißen Läufer stehen passiv.} 25. Ne1 $2 (25. Ne5 $1 Nxe5 26. dxe5 h6 (
26... Qc4 27. Bxe4 Qxe4 28. Qxe4 Bxe4 29. Bc3 $11) (26... Nc5 27. Bxd5 exd5 28.
Qc3 {/\e6} Qc7 29. Qd4 Qc6 30. Qc3 $11) 27. Bxe4 Bxe4 28. Qc3 $1 (28. Qd8+ $2
Kh7 29. Qxa5 $2 Qc2 $17) 28... Qb6 29. Qd4 $11) 25... f5 $2 (25... Nd6 $1 26.
f3 (26. Bxd5 exd5 $15 (26... Qxd5 $15)) 26... f5 $15) (25... Nd6 {Ribli}) 26.
f3 $2 (26. Bxe4 $1 fxe4 (26... Bxe4 27. Qc3 $11) 27. Qd2 Qa6 28. Nc2 Nb6 29.
Ne3 $11) 26... Nd6 27. Kf2 $6 (27. Bc3 Qa8 $1 (27... b4 $5 28. axb4 a4 29. Bb2
Nb6 $44) 28. Nc2 Nb6 $17 {/\Nbc4}) (27. Qc3 $1 Nc4 28. Nd3 Ndb6 29. Nc5 e5 (
29... Nxb2 30. Qxb2 Nc4 31. Qc3 e5 $15) 30. Bc1 Bf7 $15) 27... Nb6 28. Bc3 Nbc4
$17 29. h3 h6 30. Nc2 $2 (30. e3 Qb7 $1 {/\b4} (30... b4 $6 31. axb4 a4 32. Ba1
a3 33. Qe2 $13 {/\Nd3}) (30... Nxa3 $2 31. Bxa5 Nac4 32. Bb4 Qa8 33. Qe2 $14 {
/\Nd3}) 31. Nc2 Qf7 $1 {/\Ne4} (31... Nxa3 $6 32. Nxa3 b4 33. Bb2 bxa3 34. Bxa3
Nc4 35. Bc1 {/\e4}) 32. Kg1 (32. Qe2 g5 33. Qe1 $2 g4 $1 34. Bxa5 gxf3 35. Bxf3
Bxf3 36. Kxf3 Qb7+ 37. Kf2 Qe4 $1 38. Na1 Qd3 $17) 32... g5 $1 {mit der
Absicht, nach g5-g4 die Kontrolle über das Schlüsselfeld e4 zu erlangen.} 33.
Qe2 Qg6 34. Ne1 g4 $1 35. fxg4 fxg4 36. Qxg4 Qxg4 37. hxg4 Bxg2 38. Nxg2 Kf7
$17) (30. g4 $6 {Ribli} f4 {[%csl Re3]}) {[#]} 30... Ne4+ $3 $19 {Ribli: Ein
schöner, unerwarteter Zug, wonach Schwarz Material gewinnt .} (30... Nxa3 {
Petursson} 31. Nxa3 b4 32. Bb2 bxa3 33. Bxa3 a4 $15) 31. fxe4 (31. Kg1 Nxa3 (
31... Nxg3 $19) (31... Nxg3 {Petursson} 32. Be1 Nb2 33. Qd2 Nh5 34. Ne3 Nc4 35.
Nxc4 Qxc4 $17) 32. Bxa5 Nxc2 33. fxe4 Bxe4 34. Bxe4 fxe4 35. Qd2 Qc4 $19) 31...
fxe4 32. Qd1 (32. Bxe4 {Ribli} Bxe4 33. Qd1 Bxc2 34. Qxc2 Nxa3 $17) 32... e3+
33. Ke1 (33. Nxe3 Nxe3 34. Kxe3 Qxc3+ 35. Kf2 Bxg2 (35... Bb3 36. Qd3 Qxd3 37.
exd3 Bd5 $19) (35... Qxa3 $17 {Ribli}) 36. Kxg2 Qxa3 37. Qc2 (37. d5 Qd6 $17)
37... Qd6 38. Qc8+ Kf7 39. Qb7+ Kf6 40. Qxb5 Qd5+ $19) 33... Bxg2 34. d5 {
Ribli: In praktisch verlorener Stellung will Weiß, mindestens ein Mal in der
Partie, die Diagonale für seinen schwarzfeldrigen Läufer öffnen.} Qd6 (34...
exd5 $19 {Ribli}) (34... Qxd5 $19 {Ribli}) 35. Qd4 Qxg3+ 36. Kd1 exd5 {Ribli:
Das einzige von Weiß bedrohte Feld g7 ist gedeckt, und Schwarz hat drei
gesunde Mehrbauern.} 37. Qa7 Be4 38. Ne1 Kh7 39. h4 b4 {Zeitüberschreitung} (
39... b4 {Ribli} 40. axb4 axb4 41. Bxb4 Qxh4 {Ribli: gewinnt leicht}) 0-1